Pros and contras of global marketing strategies

Saved in:
Bibliographic Details
Main Author: Lesáková, Dagmar, 1949-
Format: Book Chapter
Language:English
Tags: Add Tag
No Tags, Be the first to tag this record!

MARC

LEADER 00000naa$a2200000$$$4500
001 0177722
005 20240502073026.3
041 0 |a eng 
044 |a SK 
245 1 0 |a Pros and contras of global marketing strategies  |c Dagmar Lesáková 
100 1 |a Lesáková, Dagmar, 1949-